| 000 | 00482nam a2200133 a 4500 | ||
|---|---|---|---|
| 008 | 120416s1965 ||||||||||||||||| || u | ||
| 050 | _aQA 297 Cal | ||
| 100 | _aCalingaert, Peter | ||
| 245 | 1 | 0 | _aPrinciples of computation |
| 260 |
_aReading; Mass. _bAddison-Wesley _c1965 |
||
| 300 | _aviii, 200p. : ill. | ||
| 350 | _a0.00 | ||
| 995 |
_D0.00 _FCBU-MAIN LIBRARY (Kitwe) _H1 _I22.50 _M1 _UAVAILABLE _ZMain Library Open Access Collection |
||
| 999 |
_c54531 _d54531 |
||